Aproximaciones al estudio de la corteza prefrontal / (Record no. 152272)

MARC details
000 -CABECERA
campo de control de longitud fija 00569nam a2200193 u 4500
005 - FECHA Y HORA DE LA ÚLTIMA TRANSACCIÓN
campo de control 20221112063447.0
008 - ELEMENTOS DE LONGITUD FIJA--INFORMACIÓN GENERAL
campo de control de longitud fija 110406s2004 r 000 0 eng d
020 ## - NÚMERO INTERNACIONAL NORMALIZADO PARA LIBROS
Número Internacional Estándar del Libro 9702705568
035 ## - NÚMERO DE CONTROL DEL SISTEMA
Número de control de sistema UPN01000180169
049 ## - COLECCIÓN
Colección CG
050 #4 - SIGNATURA TOPOGRÁFICA DE LA BIBLIOTECA DEL CONGRESO
Número de clasificación QP383.17
Número de documento/Ítem A6.7
245 00 - MENCIÓN DE TÍTULO
Título Aproximaciones al estudio de la corteza prefrontal /
Mención de responsabilidad, etc. coord. Miguel Angel Guevara Pérez.
260 ## - PUBLICACIÓN, DISTRIBUCIÓN, ETC.
Lugar de publicación, distribución, etc. Zapopan, Jal. :
Nombre del editor, distribuidor, etc. Universidad de Guadalajara,
Fecha de publicación, distribución, etc. 2004.
300 ## - DESCRIPCIÓN FÍSICA
Extensión 314 p.
650 #4 - ASIENTO SECUNDARIO DE MATERIA - TERMINO TEMATICO
Término de materia o nombre geográfico como elemento de entrada CEREBRO -
Subdivisión general ANATOMIA
9 (RLIN) 5945
650 #2 - ASIENTO SECUNDARIO DE MATERIA - TERMINO TEMATICO
Término de materia o nombre geográfico como elemento de entrada Neurología
9 (RLIN) 15960
905 ## - TIPO DE MATERIAL
Tipo de material Libro
Holdings
Estado de retiro Estado de pérdida Fuente del sistema de clasificación o colocación Estado dañado No para préstamo Código de colección Localización permanente Ubicación/localización actual Ubicación en estantería Total de préstamos Clasificación Código de barras Fecha visto por última vez Número de copia Tipo de ítem Koha
    Library of Congress Classification     Colección General Bib. Gregorio Torres Quintero Bib. Gregorio Torres Quintero Planta baja 1 QP383.17 A6.7 278196 31/12/2020 1 Libro